Normal view
MARC view
Entry Personal Name
001 - CONTROL NUMBER
- control field: 7701
003 - CONTROL NUMBER IDENTIFIER
- control field: OSt
005 - DATE AND TIME OF LATEST TRANSACTION
- control field: 20211028144217.0
008 - FIXED-LENGTH DATA ELEMENTS
- fixed length control field: 211028|| aca||aabn | a|a d
040 ## - CATALOGING SOURCE
- Original cataloging agency: OSt
- Transcribing agency: OSt
100 ## - HEADING--PERSONAL NAME
- Personal name: Risna, M V; D Souza, Rayan.
- Miscellaneous information: 1516126
670 ## - SOURCE DATA FOUND
- Source citation: Work cat.: (OSt): Risna, M V; D Souza, Rayan. 1516126, Project report on performance appriasal of midas ensambles in Bangalore city., 2017